000 00700nam a2200205Ii 4500
003 JO-AjNU
008 230605s9999||||xx |||||||||||||| ||und||
040 _aJO-AjNU
_bara
_erda
_cJO-AjNU
041 _aara
050 1 4 _aLB45.A27 1979
100 3 _aأبو هلال، أحمد,
_eauthor
_952797
245 0 0 _aمقدمة إلى الأنثروبولوجيا التربوية (علم الإنسان التربوي )
250 _aط2
264 3 1 _aعمان: مكتبة النهضة، 1979
300 _a250ص
336 _atext
_btxt
_2rdacontent
337 _aunmediated
_bn
_2rdamedia
338 _avolume
_bnc
_2rdacarrier
650 4 _aعلوم تربوية - الأنثروبولوجيا
_952798
999 _aA23409
_c26977
_d26977